000 01216cam a22003737a 4500
003 CHAP
005 20220817043212.0
008 971013s1986 r 00010 d
010 _a68413
011 _a69385
035 _a78861
040 _cCHAP
090 _aFolleto 12068
100 0 0 _aRuiz Barbosa, Manuel de Jesús.
_9100611
245 1 3 _aLa ganadería bovina de doble propósito en Tabasco y el Norte de Chiapas
260 _aMéxico, D. F. :
_bFIRA,
_c1986
300 _a36 p.
_b: ilus. ; gráfs.
410 _aFIRA
490 0 _aBoletin informativo
_v; XIX (185)
590 _aBATCH-UPD
_b10
_c20130110
_lUCH01
_h0821
590 _aBATCH-UPD
_b10
_c20130410
_lUCH01
_h0459
590 _aBATCH-UPD
_b10
_c20130914
_lUCH01
_h2134
590 _aCONVERSION
_b10
_c20130109
_lUCH01
_h1338
650 1 4 _aGanado lechero.
_945237
650 1 4 _aGanado lechero
_xChiapas.
_945245
650 1 4 _aGanado vacuno
_xChiapas.
_945442
650 1 4 _aGanado vacuno
_zTabasco.
_945533
810 _aFIRA
_941029
830 0 _aBoletin informativo
_v; XIX (185)
901 _aBK
942 _cFOLL
949 _aFolleto 12068
_bBC
_cFOLL
_d-31737
_eTS1
_i78861
_si
949 _aFolleto 12068
_bBC
_cFOLL
_d-94639
_eTS2
_fc.2
_i78861
_si
999 _c68413
_d68413